[Event "GER-ch Youth U18 2020"]
[Site "Willingen"]
[Date "2020.10.20"]
[Round "1.10"]
[White "Knüdel, Torben"]
[Black "Lange, Jannis"]
[Result "1-0"]
[WhiteElo "2211"]
[BlackElo "2126"]
[Annotator "TA"]
[PlyCount "37"]
[EventDate "2020.10.20"]
[EventType "swiss"]
[EventRounds "7"]
[EventCountry "GER"]
[SourceTitle "playchess.com"]
[Source "ChessBase"]
[SourceQuality "1"]

{[%evp 9,37,25,122,108,114,26,33,43,25,41,55,47,150,151,153,136,414,397,401,417,412,406,409,406,729,748,992,979,1075,741]} 1. e4 c5 2. Nf3 Nc6 3. Nc3 Nf6 4. Bb5 Qc7 5. O-O g6 {[#]} (5... e5 $11) 6. Re1 $1 $16 {B30: Sicilian: 2...Nc6 3 Bb5, lines without ...g6.} a6 {[#]} 7. Bf1 $146 (7. e5 $16 {Hoping for Bxc6.} Nh5 8. Bxc6 dxc6 9. Ne4) ({Predecessor:} 7. Bxc6 dxc6 8. e5 Nd5 9. Ne4 Qb6 10. h3 Bg7 11. c4 Nc7 12. Nf6+ Kf8 13. Ne4 {1-0 (22) Bosiocic,M (2563)-Blom,V (2184) Split 2013}) 7... Bg7 8. e5 {White is slightly better.} Ng4 {[%cal Rc6e5]} 9. Nd5 Qa5 10. d3 Ngxe5 (10... e6 $14) 11. Nxe5 Nxe5 12. d4 $36 {[%mdl 2048] Black must now prevent Bf4. Black is under strong pressure.} cxd4 $2 {[%mdl 8192] [#] Black cannot hold the game after this.} (12... e6 $16 {keeps fighting.}) 13. Bh6 $1 $18 {[%cal Rh6g7][%mdl 576] Deflection} Bxh6 14. Rxe5 Kf8 {And now ...d6 would win.} 15. b4 Qd8 {...d6 is the strong threat.} 16. Rxe7 Bg7 {[#]} (16... Bg5 $142 17. Qxd4 Rg8) 17. Qf3 $1 {[%csl Ge7][%cal Rf3f7][%mdl 512] White is clearly winning.} f5 18. Rae1 {White threatens Re8+! and mate.} d6 {[#]} 19. Re8+ $1 {[%mdl 576] Decoy. Av CentiPawn Loss W=-31/B=-81. Weighted=-17/-67} 1-0

[Event "GER-ch Youth U18 2020"]
[Site "Willingen"]
[Date "2020.10.20"]
[Round "1.11"]
[White "Bosselmann, Tom Linus"]
[Black "Tschernatsch, Johannes"]
[Result "0-1"]
[WhiteElo "2054"]
[BlackElo "2251"]
[Annotator "TA"]
[PlyCount "68"]
[EventDate "2020.10.20"]
[EventType "swiss"]
[EventRounds "7"]
[EventCountry "GER"]
[SourceTitle "playchess.com"]
[Source "ChessBase"]
[SourceQuality "1"]

{[%evp 15,68,26,20,-7,14,-37,-35,-58,-43,-60,-64,-77,-78,-141,-142,-242,-235,-259,-250,-245,-234,-245,-183,-187,-183,-256,-234,-230,-196,-191,-177,-233,-249,-333,-325,-331,-329,-393,-397,-382,-342,-731,-711,-1064,-1076,-29986,-29987,-29987,-29988,-29987,-1096,-880,-867,-29986,-1010]} 1. e4 c5 2. Nf3 d6 3. d4 cxd4 4. Nxd4 Nf6 5. Nc3 a6 6. Be2 e5 7. Nb3 Be7 8. Be3 Be6 9. h4 {B92: Sicilian Najdorf: 6 Be2.} Nbd7 {[%cal Bb8d7,Bd7b6,Bb6d5,Bd5e3][%mdl 32]} 10. h5 ({White has to play} 10. g4 $1 $11) 10... h6 $15 {[#]} 11. Bf3 $146 {Black is slightly better.} ({Predecessor:} 11. g4 Nh7 12. Qd2 O-O 13. O-O-O b5 14. Rdg1 Bg5 15. Qxd6 Rc8 16. Kb1 Qf6 17. Bxg5 Nxg5 {1-0 (61) Shevtchenko,O (2054)-Skuhala,B (2095) chess.com INT 2020}) 11... Qc7 12. Qd3 Rc8 13. Rc1 Nb6 14. Na5 ({White should try} 14. Nd2) 14... O-O $1 $17 15. Qd2 (15. Bxb6 $17 Qxb6 {[%mdl 64] Double Attack} 16. Nb3) 15... Rfd8 $1 $19 {Strongly threatening ...d5.} 16. Nd5 Bxd5 $1 17. exd5 {intending c4.} e4 18. Be2 Nbxd5 19. Nb3 Nxe3 20. Qxe3 (20. fxe3 $142 d5 21. c3) 20... d5 21. c3 Ne8 {Hoping for ...Bg5.} 22. Rd1 Bg5 23. Qd4 {[#]} (23. Qg3 $142) 23... e3 $1 {[%mdl 512]} 24. Rh3 (24. fxe3 Nf6) 24... exf2+ 25. Kxf2 Nf6 26. Kg1 Re8 27. Bd3 Re7 28. Qf2 $2 (28. Nd2) 28... Rce8 29. Kh1 Ng4 30. Qf5 Re1+ 31. Rxe1 Rxe1+ 32. Bf1 Ne3 (32... Qe5 $142 33. Qf3 Be3 34. Nd2 Nf2+ 35. Qxf2 Bxf2 36. Rf3 Qxh5+ 37. Rh3 Qe2 38. Kh2 Qxd2 39. Rd3 Qf4+ 40. g3 Bg1+ $1 {[%mdl 512]} 41. Kh3 Qxf1+ {[%mdl 64] Double Attack} 42. Kh4 g5+ 43. Kg4 Re4+ 44. Kh5 Qh3#) 33. Rxe3 Bxe3 34. Nd4 {[#]} Qf4 {White did not feel at home in the position after the opening. Av CentiPawn Loss W=-119/B=-86. Weighted=-117/-86} (34... Qc4 $142 $1 35. Kh2 Rxf1 36. b3 Qc7+ 37. Kh3 Rxf5 38. Nxf5 Qf4 39. Nxe3 Qxe3+ {[%mdl 64] Double Attack} 40. Kh2 Qxc3 41. g4 d4 42. Kg2 d3 43. Kf3 d2+ 44. Ke2 Qc1 45. Ke3 d1=Q+ {[%mdl 64] Discovered Attack} 46. Ke4 Qg5 47. b4 Qdd5#) 0-1

[Event "GER-ch Youth U18 2020"]
[Site "Willingen"]
[Date "2020.10.20"]
[Round "1.12"]
[White "Mätzkow, Maximilian Paul"]
[Black "Pahl, Theis"]
[Result "1-0"]
[WhiteElo "2242"]
[BlackElo "2056"]
[Annotator "TA"]
[PlyCount "83"]
[EventDate "2020.10.20"]
[EventType "swiss"]
[EventRounds "7"]
[EventCountry "GER"]
[SourceTitle "playchess.com"]
[Source "ChessBase"]
[SourceQuality "1"]

{[%evp 17,83,10,9,0,25,22,30,29,39,55,58,0,0,0,0,0,22,28,25,0,11,8,14,12,17,0,18,15,19,29,41,37,71,70,120,41,73,75,113,75,115,107,96,95,130,105,119,118,172,177,228,218,224,195,195,206,256,251,255,250,417,436,518,498,662,670,626,591]} 1. e4 c5 2. Nf3 d6 3. d4 cxd4 4. Nxd4 Nf6 5. Nc3 a6 6. Be3 e5 7. Nf3 Be7 8. Bc4 O-O 9. O-O Qc7 10. Bd5 {B90: Sicilian Najdorf: Unusual White 6th moves, 6 Be3 Ng4 and 6 Be3 e5.} Nbd7 11. a4 {[#]} Rb8 $146 ({Predecessor:} 11... Nb6 12. Bb3 h6 13. Qd3 Be6 14. Nd2 Rac8 15. Nd5 Bxd5 16. exd5 Nbd7 17. Ne4 Ng4 {1-0 (61) Klein,G (1985)-Minor,S (2166) Korbach 2007}) 12. Qe2 {White has an edge.} Nc5 13. h3 Bd7 14. Rfd1 (14. a5 $14) 14... b5 $1 $11 15. axb5 axb5 16. Bxc5 Qxc5 17. Bb3 Qc7 18. Nh2 b4 19. Nd5 Nxd5 20. Rxd5 Ra8 21. Rad1 Kh8 22. Nf1 Bc6 23. R5d2 $1 Qb7 24. Bd5 Rfc8 25. Ne3 g6 26. Nc4 (26. Bxf7 $16 Bxe4 27. Be6) 26... Kg7 27. b3 {White now steadily converts the win.} Ra6 28. Qf3 f6 29. Qg4 Bxd5 30. Rxd5 Qc7 31. Qe6 {[%cal Rc4d6]} Rd8 32. Rb5 Qd7 {[#]} (32... Rda8 $16 {keeps fighting.}) 33. Qd5 $1 $18 Kf8 (33... Qc6 {was called for.} 34. Ne3 (34. Rxb4 Qxd5 35. Rxd5 f5 $16) 34... Rd7 35. Rxb4 Qxd5 36. Nxd5 f5 37. exf5 gxf5) 34. Rxb4 ({Don't take} 34. Rb7 $6 Qc6) 34... Qc6 35. Ne3 Qxd5 36. Nxd5 {Strongly threatening Rb7.} Rd7 37. Rb8+ Kf7 38. b4 {[%cal Bb3b4,Bb4b5,Bb5b6,Bb6b7][%mdl 32] And now b5 would win.} Ra2 $2 {[#]} (38... Raa7 39. Rh8 h5 40. Rh7+ Ke6) 39. b5 Rxc2 {White is clearly winning.} 40. Rb1 f5 41. b6 fxe4 42. b7 {Av CentiPawn Loss W=-9/B=-27. Weighted=-6/-22} 1-0

[Event "GER-ch Youth U18 2020"]
[Site "Willingen"]
[Date "2020.10.20"]
[Round "1.13"]
[White "Vogt, Dustin"]
[Black "Richter, Philipp"]
[Result "0-1"]
[WhiteElo "1829"]
[BlackElo "2254"]
[Annotator "TA"]
[PlyCount "76"]
[EventDate "2020.10.20"]
[EventType "swiss"]
[EventRounds "7"]
[EventCountry "GER"]
[SourceTitle "playchess.com"]
[Source "ChessBase"]
[SourceQuality "1"]

{[%evp 18,76,-7,-30,-38,-38,-37,-55,-49,-73,-87,-87,-76,-96,-31,-38,-34,-41,-24,-40,-8,-87,-86,-96,-93,-102,-99,-114,-100,-120,-116,-160,-160,-156,-150,-156,-156,-156,-156,-148,-137,-129,-132,-204,-205,-168,-205,-191,-185,-290,-283,-241,-250,-347,-256,-379,-387,-465,-435,-548,-530]} 1. e4 e6 2. d3 d5 3. Nd2 Nf6 4. Ngf3 Nc6 5. g3 dxe4 6. dxe4 Bc5 7. Bg2 e5 8. O-O O-O 9. c3 a5 10. h3 Qe7 {C00: French: Unusual White 2nd moves.} 11. Re1 Rd8 12. Qe2 b6 {[#] Black is slightly better.} 13. Nh4 $146 ({Predecessor:} 13. a4 Ba6 14. Nc4 Qe6 15. Bf1 Rd7 16. b3 Rad8 17. Bg5 h6 18. Bxf6 Qxf6 19. Kg2 {0-1 (28) Sawaski,J (1721)-Stanley,B (1812) IECC email 2001}) 13... Ba6 14. Qd1 g6 {Hoping for ...Rd3.} 15. Bf1 Bd3 ({Black should try} 15... Qe6 $17 {Strongly threatening ...Bxf1.} 16. Qf3 Be7) 16. Qf3 $15 Bxf1 17. Nxf1 Qe6 18. Bg5 Be7 19. Rad1 {[#]} (19. Bxf6 $11 {remains equal.} Bxf6 20. Ng2) 19... Ne8 $1 $36 {[%mdl 2048] Keeping White busy. Black converts the advantage convincingly.} 20. Bxe7 Nxe7 21. a3 Qxh3 22. Ne3 Qe6 23. Nd5 Rab8 24. Qe3 Nxd5 25. exd5 Rxd5 26. Rxd5 Qxd5 27. Qxe5 Qxe5 28. Rxe5 {[%mdl 4096] Endgame KRN-KRN} Rd8 29. Nf3 Kf8 30. Ng5 (30. Kg2 $17) 30... h6 $19 31. Nf3 Rd1+ 32. Kg2 Nd6 33. Nd4 (33. Re2 {was worth a try.}) 33... Nc4 34. Re2 Rb1 35. b3 Nd6 36. c4 (36. b4 {keeps fighting.}) 36... c5 37. Nc6 Rxb3 38. Re7 Nxc4 {Av CentiPawn Loss W=-28/B=-8. Weighted=-34/-13} 0-1

[Event "GER-ch Youth U18 2020"]
[Site "Willingen"]
[Date "2020.10.21"]
[Round "2.1"]
[White "Roseneck, Jonas"]
[Black "Woelk, Tom-Frederic"]
[Result "1/2-1/2"]
[WhiteElo "2417"]
[BlackElo "2253"]
[Annotator "TA"]
[PlyCount "85"]
[EventDate "2020.10.20"]
[EventType "swiss"]
[EventRounds "7"]
[EventCountry "GER"]
[SourceTitle "playchess.com"]
[Source "ChessBase"]
[SourceQuality "1"]

{[%evp 16,85,13,20,28,12,16,18,12,10,7,1,9,10,29,32,36,27,33,35,35,31,24,0,22,15,36,0,27,0,21,10,19,5,21,16,14,12,14,20,18,14,9,16,30,17,21,0,0,0,-6,-8,0,0,0,0,0,-12,0,0,28,-6,0,-17,0,-19,-22,-26,0,0,0,0]} 1. e4 {Wedberg,T} e5 2. Nf3 Nc6 3. Bb5 g6 4. d4 exd4 5. Bg5 Be7 6. Bxe7 Qxe7 7. Bxc6 dxc6 8. Qxd4 Nf6 9. Nc3 Bg4 {C60: Ruy Lopez: Unusual Black 3rd moves and 3...g6.} 10. Nd2 c5 11. Qe3 O-O-O 12. h3 Bd7 13. O-O-O Bc6 14. f3 h5 15. Nc4 b6 16. Qg5 {[#]} Rde8 $146 ({Predecessor:} 16... Rxd1+ 17. Rxd1 Re8 18. h4 Nd7 19. Qxe7 Rxe7 20. Nd5 Re6 21. c3 Ne5 22. Nxe5 Rxe5 {1-0 (31) Vokarev,S (2529)-Malaniuk,V (2555) Alushta 2004 CBM 103 [Wedberg,T]}) 17. h4 Nd7 18. Qxe7 Rxe7 19. Nd5 Re6 20. Nf4 Re7 21. Ne3 Ne5 22. Ned5 Rd7 23. b3 Rhd8 24. Nc3 Rd4 25. Nfe2 R4d6 26. Rxd6 Rxd6 27. Rd1 Kd7 28. Nf4 Rxd1+ 29. Nxd1 $11 {[%mdl 4096] Endgame KBN-KNN} Kd6 30. Kd2 Bd7 31. Ke3 c4 32. Nb2 cxb3 33. cxb3 Be6 34. Nbd3 Nxd3 35. Kxd3 {KB-KN} Bc8 36. Nd5 Ba6+ 37. Ke3 {next g4 is good for White.} Bc8 38. Kd3 Be6 39. Ne3 c5 40. g3 b5 41. f4 f5 42. e5+ Kc6 43. Kc3 {Av CentiPawn Loss W=-8/B=-7. Weighted=-8/-7} 1/2-1/2

[Event "GER-ch Youth U18 2020"]
[Site "Willingen"]
[Date "2020.10.21"]
[Round "2.2"]
[White "Tschernatsch, Johannes"]
[Black "Stork, Oliver"]
[Result "0-1"]
[WhiteElo "2251"]
[BlackElo "2371"]
[Annotator "TA"]
[PlyCount "78"]
[EventDate "2020.10.20"]
[EventType "swiss"]
[EventRounds "7"]
[EventCountry "GER"]
[SourceTitle "playchess.com"]
[Source "ChessBase"]
[SourceQuality "1"]

{[%evp 14,78,23,0,14,1,0,0,0,5,100,71,103,83,82,85,120,115,121,14,17,12,291,317,333,341,338,320,330,324,334,334,322,322,299,281,339,260,268,179,189,84,105,86,328,35,185,0,0,-362,-341,-440,-439,-449,-475,-436,-415,-495,-477,-1858,-1735,-29977,-29978,-29976,-29979,-959,-808]} 1. e4 e5 2. Nf3 Nc6 3. Bb5 a6 4. Ba4 Nge7 5. O-O g6 6. d4 exd4 7. Nxd4 Bg7 8. c3 {8.Nxc6 is the modern continuation. has lost popularity (8.Nxc6).} O-O {C60: Ruy Lopez: Unusual Black 3rd moves and 3...g6.} 9. Bg5 Nxd4 10. cxd4 h6 {The position is equal.} 11. Bh4 c5 (11... g5 $11 {remains equal.} 12. Bg3 d5) 12. dxc5 $16 {Hoping for Nc3.} Bxb2 13. Nd2 Bxa1 14. Qxa1 {[#]} d5 $146 ({Predecessor:} 14... g5 15. Bg3 Qa5 16. Qf6 Ng6 17. Bb3 Nf4 18. Bxf4 gxf4 19. Qg6+ Kh8 20. Qxh6+ Kg8 {1-0 (34) Azimova,K (2052)-Mukhina,J (1870) Satka 2013}) 15. exd5 {aiming for d6.} g5 16. Bg3 ({White should play} 16. d6 $16 gxh4 17. Ne4) 16... Qxd5 $11 17. Bb3 $36 {[%mdl 2048] Black is under pressure.} Qf5 $2 {[%mdl 8192]} (17... Qxc5 $2 18. Ne4 $18) (17... Qxd2 $11 {and Black stays safe.} 18. Rd1 Qe2) 18. Re1 $18 Be6 ({Wrong is} 18... Qxc5 $2 19. Ne4 $18) 19. Ne4 $1 {[%cal Bd2e4,Be4f6,Bf6d5][%mdl 32] Threatens to win with Nf6+.} Bxb3 20. Nf6+ {[%mdl 64] Discovered Attack} Kh8 21. Nd5+ {[%mdl 64] Discovered Attack} ({Less strong is} 21. axb3 Nc6 $14) (21. Rxe7 Ba4 $18) 21... Kh7 22. Nxe7 Qxc5 23. axb3 f5 24. h4 ({Don't do} 24. Re6 Rad8 $18) 24... Rae8 25. Re5 Qc2 26. hxg5 hxg5 27. f3 (27. f4 $18 Rf7 28. Qe1) 27... Rf7 $16 28. Nd5 $1 Rd8 $2 (28... Rxe5 $16 29. Qxe5 f4) 29. Qa5 $2 (29. Qd4 $18 {Black must now prevent Nf6+!} Qc6 30. Be1) 29... Rd6 {[#]} (29... Qd1+ $1 $14 30. Be1 Qd4+ 31. Ne3 b6) 30. Re1 $2 ({Better is} 30. Qb4 $1 $18 {[%cal Rb4d6]} Rc6 31. Ne7) 30... f4 $11 31. Bf2 $2 {[%mdl 8192] [#]} (31. Nxf4 $1 $11 {and White has nothing to worry.} gxf4 32. Qh5+ {[%mdl 64] Double Attack} Kg7 33. Qe5+ {[%mdl 64] Double Attack} Rdf6 34. Bh4 {[%mdl 64] Pin}) 31... Qf5 $1 $19 32. Rd1 Rfd7 33. Nf6+ Qxf6 34. Rxd6 Rxd6 {KQR-KQB} 35. Qc7+ Kg6 {( -> ...Qa1+)} 36. g4 (36. Qc2+ $142 Qf5 37. Qe2) 36... fxg3 37. Bxg3 Qa1+ 38. Kg2 Rd2+ 39. Bf2 Qd4 {Av CentiPawn Loss W=824/B=-39. Weighted=190/-39} 0-1

[Event "GER-ch Youth U18 2020"]
[Site "Willingen"]
[Date "2020.10.21"]
[Round "2.3"]
[White "Wachinger, Nikolas"]
[Black "Knüdel, Torben"]
[Result "1-0"]
[WhiteElo "2334"]
[BlackElo "2211"]
[Annotator "TA"]
[PlyCount "101"]
[EventDate "2020.10.20"]
[EventType "swiss"]
[EventRounds "7"]
[EventCountry "GER"]
[SourceTitle "playchess.com"]
[Source "ChessBase"]
[SourceQuality "1"]

{[%evp 13,101,12,15,16,46,10,18,0,95,70,164,109,119,39,22,28,118,116,123,120,123,118,110,72,39,38,106,94,98,95,113,112,95,97,87,60,262,256,250,261,264,262,270,264,252,270,276,261,318,241,417,382,402,354,447,444,460,451,460,460,435,461,471,463,578,569,839,830,862,893,890,864,1100,1089,29950,29954,29943,5289,29985,29986,29987,29988,29988,29989,29996,29997,29997,29998,29998,29999]} 1. e4 e5 2. Bc4 Nc6 3. Nc3 Nf6 4. d3 Na5 5. Nge2 d6 6. O-O Nxc4 7. dxc4 Be6 8. b3 {[#] C28: Vienna Game: 2...Nf6 3 Bc4 Nc6.} Qd7 $146 ({Predecessor:} 8... Be7 9. f4 exf4 10. Nxf4 O-O 11. Bb2 c6 12. Qf3 Qb6+ 13. Kh1 Rae8 14. a4 Nd7 15. Nh5 Ne5 {0-1 (38) Smith,B (2478)-Rosen,E (2312) Philadelphia 2015}) 9. Bg5 Be7 10. Ng3 {The position is equal.} g6 (10... O-O $11 {keeps the balance.}) 11. f4 $1 $16 {[%cal Rf4f5]} Bg4 {[#]} (11... exf4 $1 $14 12. Rxf4 Ng8 13. Bxe7 Nxe7) 12. Qd2 (12. Qe1 $1 $18) 12... h6 {[#]} 13. Bxf6 ({White should play} 13. fxe5 $1 $16 dxe5 14. Qxd7+ Nxd7 15. Bxe7 Kxe7 16. Nd5+ Kd6 17. Rxf7) 13... Bxf6 $14 14. Nd5 Bd8 (14... Bh4 $11 {remains equal.}) 15. Qc3 $16 f6 16. f5 $36 {[%mdl 2048] Keeping Black busy.} c6 17. Ne3 Bb6 18. Kh1 Bd4 19. Qd3 gxf5 (19... h5 $1 $14) 20. Nxg4 fxg4 21. c3 Bb6 22. Rxf6 O-O-O 23. Nf5 Bc7 24. Qe3 d5 $2 {This costs Black the game.} (24... Kb8 $1 $14) 25. cxd5 $18 ({Don't do} 25. Qxa7 $6 dxc4 26. Qa8+ (26. bxc4 Qd1+ 27. Rxd1 Rxd1+ 28. Qg1 Rxg1+ 29. Kxg1 h5 $16) 26... Bb8 $18) 25... cxd5 26. Qxa7 dxe4 27. Qa8+ ({Inferior is} 27. Nxh6 Rdf8 $11) 27... Bb8 28. Nd6+ Qxd6 29. Rxd6 Rxd6 30. Qa4 Rhd8 {( -> ...Rd1+)} 31. Re1 e3 $2 (31... Bc7 32. Qxe4 h5 33. Qxe5 Rd1) 32. Qxg4+ R8d7 33. Qg8+ Kc7 34. Qc4+ Kd8 35. Qc5 e2 {intending ...Rd1.} 36. Qe3 e4 37. Qxe2 Re7 38. Qe3 Rd3 39. Qxh6 Ba7 40. g4 e3 41. Qf8+ Re8 42. Qf6+ Re7 43. g5 {Black must now prevent g6.} Rd2 44. g6 Rf2 45. Qh8+ Kc7 46. g7 {White mates.} e2 47. g8=Q Rf1+ 48. Kg2 Rxe1 49. Qd8+ {[%mdl 64] Double Attack} Kc6 50. Qf6+ {[%mdl 64] Double Attack} Kb5 51. a4+ {Av CentiPawn Loss W=-36/B=-90. Weighted=-45/-106} 1-0

[Event "GER-ch Youth U18 2020"]
[Site "Willingen"]
[Date "2020.10.21"]
[Round "2.4"]
[White "Richter, Philipp"]
[Black "Suvorov, Alexander"]
[Result "0-1"]
[WhiteElo "2254"]
[BlackElo "2313"]
[Annotator "TA"]
[PlyCount "66"]
[EventDate "2020.10.20"]
[EventType "swiss"]
[EventRounds "7"]
[EventCountry "GER"]
[SourceTitle "playchess.com"]
[Source "ChessBase"]
[SourceQuality "1"]

{[%evp 9,66,20,25,-29,-21,-27,0,-7,54,50,91,83,83,87,79,54,74,-80,-75,-62,0,-81,-13,-30,-20,-14,0,0,0,0,39,23,48,61,59,20,132,129,138,0,120,0,0,0,0,0,96,0,0,0,0,-632,-632,-615,-625,-609,-602,-569,-545]} 1. d4 d5 2. c4 e6 3. Nc3 a6 4. cxd5 exd5 5. Qb3 c5 6. Nf3 {D31: Queen's Gambit Declined: Semi-Slav without ...Nf6 (+ Marshall Gambit and Noteboom) and Exchange Variation lines without ...Nf6.} (6. dxc5 $142 Bxc5 7. Nf3 (7. Nxd5 Be6 $15) (7. Qxd5 Qb6 $11)) 6... c4 $11 7. Qc2 Nf6 8. Bg5 {The position is equal.} Be6 (8... Bb4 $11) 9. e4 $14 {[#] Hoping for exd5.} b5 $146 ({Predecessor:} 9... dxe4 10. Bxf6 Qxf6 11. Qxe4 Qe7 12. Be2 Bc8 13. Qf4 Qd6 14. Qe3+ Be7 15. Bxc4 O-O {1-0 (42) Sarana,A (2651)-Grachev,B (2621) Moscow 2019}) 10. exd5 Bxd5 11. Bxf6 gxf6 12. Qf5 Bb4 13. O-O-O $2 (13. Be2 $16 {keeps the pressure on.}) 13... Bxc3 $1 $17 14. bxc3 Nc6 (14... O-O $1 $15) 15. Nd2 (15. Re1+ $11 Kf8 16. Qf4) 15... Qd6 (15... O-O $17) 16. Ne4 $11 Bxe4 $1 17. Qxe4+ Kd8 18. g3 $36 {[%mdl 2048] White fights for an advantage.} Rb8 {aiming for ...Qa3+.} 19. Qc2 Ne7 20. Bg2 b4 21. Rhe1 Re8 22. Re3 {Threatens to win with Rde1.} b3 (22... Nc8 $11 {remains equal.}) 23. axb3 $16 cxb3 {[#]} 24. Qb2 ({Reject} 24. Qxh7 $6 Qa3+ 25. Kd2 Qa2+ 26. Ke1 b2 $11) ({White should play} 24. Qe2 $1 $16) 24... a5 {[#]} (24... Nc8 $11 {keeps the balance.}) 25. Kd2 (25. Re5 $1 $16) 25... Nd5 $11 26. Rxe8+ Kxe8 27. Ra1 Rc8 (27... a4 $1 $11) 28. Qa3 (28. Bxd5 $1 $16 Qxd5 29. Qa3) 28... Qxa3 29. Rxa3 Rxc3 30. Rxa5 $2 {[%mdl 8192]} (30. Be4 $11 Rc4 31. Kd3 Rc3+ 32. Kd2) 30... Rc2+ $19 {Black is clearly winning.} 31. Ke1 {Black must now prevent Be4.} Nc3 32. Ra8+ Ke7 {And now ...Re2+ would win.} 33. Rb8 b2 {Av CentiPawn Loss W=-48/B=-26. Weighted=-58/-34} 0-1

[Event "GER-ch Youth U18 2020"]
[Site "Willingen"]
[Date "2020.10.21"]
[Round "2.5"]
[White "Richter, Nils"]
[Black "Besancon, Pascal"]
[Result "1-0"]
[WhiteElo "2290"]
[BlackElo "1915"]
[Annotator "TA"]
[PlyCount "77"]
[EventDate "2020.10.20"]
[EventType "swiss"]
[EventRounds "7"]
[EventCountry "GER"]
[SourceTitle "playchess.com"]
[Source "ChessBase"]
[SourceQuality "1"]

{[%evp 26,77,31,4,4,0,4,0,0,-13,0,-30,0,-16,-5,-56,-56,-47,-21,-23,-18,-20,-14,-20,-23,-24,0,0,0,0,0,-4,0,0,0,0,0,0,0,0,0,0,0,0,0,0,0,0,0,0,0,0,0,-7]} 1. d4 d5 2. c4 e6 3. Nc3 Nf6 4. cxd5 exd5 5. Bg5 Be7 6. e3 c6 7. Qc2 Nbd7 8. Bd3 O-O 9. Nf3 Re8 10. O-O h6 11. Bh4 Ne4 12. Bxe4 Bxh4 13. Bh7+ Kh8 14. Bd3 Be7 {14...Be7 is better than 14...Bf6. D36: Queen's Gambit Declined: Exchange Variation: Main line (5 Bg5 c6 6 Qc2).} 15. Rab1 a5 16. a3 Bd6 17. b4 Nf6 {[#]} 18. b5 $146 ({Predecessor:} 18. Rfe1 Bg4 19. Nd2 axb4 20. axb4 Bd7 21. g3 Ng4 22. Nf1 Qe7 23. b5 Ra3 24. bxc6 bxc6 {1-0 (53) Zhu,C (2487)-Win,Z (2503) Yangon 1999}) 18... Bg4 19. Ne2 Qc7 20. Ne5 (20. bxc6 $11 bxc6 21. a4) 20... Bxe2 $15 ({Don't play} 20... Bxa3 21. Nf4 $11) 21. Bxe2 {[%cal Rb5c6]} Bxe5 22. dxe5 Rxe5 23. bxc6 bxc6 24. Rfc1 Re6 25. Qc5 Qa7 26. Qxa7 {The position is equal.} Rxa7 27. Rb6 d4 28. Rcxc6 (28. Bc4 {feels hotter.} Rd6 29. exd4 Nd7 30. Rbb1 Nf6 31. Rb6) 28... Rxc6 29. Rxc6 dxe3 30. fxe3 $11 {[%mdl 4096] Endgame KRB-KRN} Re7 31. Kf2 Ne4+ 32. Ke1 g6 33. Bd3 Kg7 34. Ke2 Nf6 35. Rc5 Ng4 36. Rxa5 Nxe3 37. Kf3 Nd1 {[#] Hoping for ...Re3+.} 38. Be4 f5 39. Bc2 {[%mdl 32768] Av CentiPawn Loss W=-5/B=-5. Weighted=-6/-4. Loss on time!?} 1-0

[Event "GER-ch Youth U18 2020"]
[Site "Willingen"]
[Date "2020.10.21"]
[Round "2.6"]
[White "Färber, David"]
[Black "Mätzkow, Maximilian Paul"]
[Result "1/2-1/2"]
[WhiteElo "2321"]
[BlackElo "2242"]
[Annotator "TA"]
[PlyCount "57"]
[EventDate "2020.10.20"]
[EventType "swiss"]
[EventRounds "7"]
[EventCountry "GER"]
[SourceTitle "playchess.com"]
[Source "ChessBase"]
[SourceQuality "1"]

{[%evp 14,57,68,58,62,61,75,74,78,75,77,54,68,62,58,54,55,47,56,47,39,47,53,43,56,51,68,52,54,54,54,54,60,41,52,54,40,40,128,0,53,-54,91,0,66,-32]} 1. e4 c5 2. Nf3 d6 3. d4 cxd4 4. Nxd4 Nf6 5. Nc3 g6 6. Be3 Bg7 7. f3 a6 8. Qd2 h5 $1 {[%mdl 4] is more profitable than 8...Nbd7 at the moment. Played by Magnus Carlsen in September 2020. B75: Sicilian Dragon: Yugoslav Attack, Miscellaneous.} 9. Be2 b5 10. a4 b4 {White is better.} 11. Na2 a5 12. Bb5+ Bd7 13. c3 bxc3 14. Nxc3 O-O 15. O-O Na6 16. Nc6 Bxc6 $1 17. Bxc6 Rb8 $1 {[#]} 18. Rfd1 $146 ({Predecessor:} 18. Bb5 Nc5 19. Rad1 Qc7 20. Kh1 Rfd8 21. Bg5 Qa7 22. Qf2 Rdc8 23. Be3 Qc7 24. e5 {1-0 (55) Carlsen,M (2872)-Aronian,L (2775) London 2019}) 18... Nb4 19. Bb5 Qc7 20. Rdc1 $36 {[%mdl 2048] White has the initiative.} Qb7 21. Na2 Nxa2 22. Rxa2 Rfc8 23. Rxc8+ Rxc8 24. b4 axb4 25. Qxb4 {[#] And now a5 would win.} Nd7 ({Black should try} 25... d5 $14) 26. Qd2 (26. a5 $16 {aiming for a6.} Nc5 27. a6) 26... Nc5 (26... Rc3 $11) 27. Bf1 (27. Qd5 $14 Qb6 28. g3) 27... Ra8 (27... Qb3 $15 {stays ahead.}) 28. Bb5 Rc8 $1 29. Bf1 {Av CentiPawn Loss W=-21/B=-20. Weighted=-33/-26} (29. Qd5 $14 Qb6 30. g3) 1/2-1/2